George W. Bush Presidential Cabinet - Statistics

General Stats
  • This quiz has been taken 120 times
  • The average score is 10 of 45
Answer Stats
Cabinet Position Cabinet Member % Correct
Vice President (2001-2009) Dick Cheney
98%
Secretary of State (2005-2009) Condoleezza Rice
95%
Secretary of State (2001-2005) Colin Powell
92%
Secretary of Defense (2001-2006) Donald Rumsfeld
87%
Secretary of Defense (2006-2009) Robert Gates
58%
Attorney General (2001-2005) John Ashcroft
53%
Attorney General (2005-2007) Alberto Gonzales
48%
Secretary of Labor (2001-2009) Elaine Chao
47%
Secretary of Homeland Security (2003-2005) Tom Ridge
25%
Secretary of Treasury (2001-2002) Paul O'Neill
23%
Secretary of Treasury (2006-2009) Henry Paulson
22%
Chief of Staff (2001-2006) Andrew Card
20%
Administrator of the Environmental Protection Agency (2001-2003) Christine Todd Whitman
18%
Secretary of Treasury (2003-2006) John Snow
18%
Administrator of the Environmental Protection Agency (2005-2009) Stephen Johnson
17%
United States Trade Representative (2005-2006), Director of the Office of Management and Budget (2006-2007) Rob Portman
15%
Secretary of Education (2001-2005) Rod Paige
15%
Secretary of Health and Human Services (2001-2005) Tommy Thompson
15%
Director of the Office of Management and Budget (2003-2006), Chief of Staff (2006-2009) Joshua Bolten
13%
Secretary of Transportation (2001-2006) Norman Mineta
13%
Secretary of Agriculture (2001-2005) Ann Veneman
12%
Secretary of Education (2005-2009) Margaret Spellings
12%
Attorney General (2007-2009) Michael Mukasey
12%
Administrator of the Environmental Protection Agency (2003-2005), Secretary of Health and Human Services (2005-2009) Mike Leavitt
12%
Secretary of Energy (2001-2005) Spencer Abraham
12%
Secretary of Commerce (2005-2009) Carlos Gutierrez
10%
Secretary of the Interior (2006-2009) Dirk Kempthorne
10%
Secretary of Agriculture (2008-2009) Ed Schafer
10%
Secretary of the Interior (2001-2006) Gale Norton
10%
Secretary of Housing and Urban Development (2001-2003) Mel Martinez
10%
Secretary of Homeland Security (2005-2009) Michael Chertoff
10%
Director of the Office of Management and Budget (2001-2003) Mitch Daniels
10%
Secretary of Energy (2005-2009) Samuel Bodman
10%
Secretary of Commerce (2001-2005) Donald Evans
8%
Director of the Office of Management and Budget (2007-2009) Jim Nussle
8%
Director of the Office of National Drug Control Policy (2001-2009) John Walters
8%
Secretary of Agriculture (2005-2007) Mike Johanns
8%
Secretary of Housing and Urban Development (2008-2009) Steve Preston
8%
United States Trade Representative (2006-2009) Susan Schwab
8%
Secretary of Housing and Urban Development (2003-2008) Alphonso Jackson
7%
Secretary of Veterans Affairs (2007-2009) James Peake
7%
Secretary of Transportation (2006-2009) Mary Peters
7%
United States Trade Representative (2001-2005) Robert Zoellick
7%
Secretary of Veterans Affairs (2001-2005) Anthony Principi
5%
Secretary of Veterans Affairs (2005-2007) Jim Nicholson
5%
No matching quizzes found
Score Distribution
Percent of People with Each Score
Percentile by Number Answered
Your Score History
You have not taken this quiz